Design by photography.

Bibliographic Details
Main Author: Croy, Otto R., 1902-1977
Format: Book
Language:English
German
Published: [©1963]
Subjects:

MARC

Tag First Indicator Second Indicator Subfields
LEADER 00000cam a2200000 4500
001 in00000094715
005 20150927110531.0
008 761204s1963 xx 00000 eng
010 |a  64002229  
035 |a (OCoLC)02595148 
035 |9 AAL6586AM 
040 |a DLC  |c OHI  |d OCL  |d TXA  |d UtOrBLW 
041 1 |a eng  |a ger 
049 |a TXAM  |c [417346] 
050 0 |a TR650  |b .C7213 
082 0 |a 778 
090 |a TR650  |b .C7213 1963b 
100 1 |a Croy, Otto R.,  |d 1902-1977. 
245 1 0 |a Design by photography. 
264 2 |a London,  |a New York :  |b Focal Press; distributed in the U. S. A. by Communication Visual Books,  |c [1963] 
264 4 |c [©1963] 
300 |a 173 pages :  |b illustrations ;  |c 26 cm. 
336 |a text  |b txt  |2 rdacontent 
337 |a unmediated  |b n  |2 rdamedia 
338 |a volume  |b nc  |2 rdacarrier 
500 |a Translation of Foto-Grafik. 
650 0 |a Photography, Artistic. 
999 |a MARS 
999 f f |s 14f1c7ef-4ad6-315a-b372-287f4e7b91d7  |i 34857ac2-779f-3ded-87ee-ed6d6e91187a  |t 0 
952 f f |p ric  |a Texas A&M University  |b Rellis Campus  |c Joint Library Facility  |d Remote Storage  |t 0  |e TR650 .C7213 1963b  |h Library of Congress classification  |i unmediated -- volume  |m A14805628313 
998 f f |a TR650 .C7213 1963b  |t 0  |l Remote Storage